| 000 | 03129nam0a2200397 4500 | ||
|---|---|---|---|
| 001 | RU\NLR\BIBL_A\012699955 | ||
| 005 | 20220729170242.0 | ||
| 010 |
_a978-5-6045210-6-9 _9100 |
||
| 021 |
_aRU _bКН-П-21-069420 _9КН-П-21-5500 |
||
| 035 | _a(NLR Aleph) 012699955 | ||
| 035 | _a(RuMoRGB)010830387 | ||
| 090 |
_a12875061 _c12875061 |
||
| 100 | _a20220202d2021 k y0rusy50 ca | ||
| 101 | 0 |
_arus _deng |
|
| 102 | _aRU | ||
| 105 | _ay z 100zy | ||
| 181 | 0 |
_ai _baxxe |
|
| 182 | 0 | _an | |
| 200 | 1 |
_aХристианство и мир _eсборник материалов VI Всероссийской студенческой научно-богословской конференции _fПензенская епархия, Pелигиозная организация - духовная образовательная организация высшего образования "Пензенская духовная семинария Пензенской епархии Русской православной церкви", Студенческое научно-богословское общество имени Иоанна Богослова ПДС _gредактор: Ершов В. К. (протоиерей), кандидат богословия |
|
| 203 |
_aТекст _bвизуальный _cнепосредственный |
||
| 210 |
_aПенза _cПензенская духовная семинария _d2021 |
||
| 215 |
_a131 с. _d20 |
||
| 300 | _aРез. на англ. яз. | ||
| 320 | _aБиблиогр. в конце ст. | ||
| 330 | _aВ сборнике представлены материалы Всероссийской студенческой конференции "Христианство и мир". Общим для авторов статей является опора на богословско-философский инструментарий в осмыслении проблем христианизации современного общества. Материалы обращены к студентам высших учебных заведений, а также ко всем, интересующимся историей и современностью христианства | ||
| 606 | 1 |
_aХристианство _jСъезды, совещания и т.п _91027302 _3RU\NLR\AUTH\6675856 |
|
| 675 |
_a27(082) _v4 |
||
| 686 | 1 | _aЭ37я431 | |
| 702 | 1 |
_aЕршов _bВ. К. _gВадим Калинович _4340 |
|
| 711 | 1 | 2 |
_a"Христианство и мир", всероссийская студенческая научно-богословская конференция _d6 _eПенза _f2021 _9786392 _3RU\NLR\AUTH\880559525 |
| 712 | 0 | 2 |
_4570 _aПензенская духовная семинария _bСтуденческое научно-богословское общество им. Иоанна Богослова _9595908 _3RU\NLR\AUTH\880466949 |
| 942 | _cBOOK | ||
| 980 | _aNB | ||